L’année 2007 - Statistiques

Statistiques générales
  • Ce quiz a été pris 54 fois
  • Le résultat moyen est 12 sur 28
Statistiques - réponses
Hint Réponse % Correct
Lors des élections présidentielles françaises de 2007, qui était au Second-tour face à Nicolas Sarkozy ? Ségolène Royal
83%
Quel ancien président français a été mis en examen suite à des détournements de fonds public le 21 novembre 2007 ? Jacques Chirac
79%
Qui devient champion du monde de judo + de 100kg a seulement 18 ans ? Teddy Riner
77%
Avec Jay-Z, quelle chanteuse a chanté le tube “Umbrella” ? Rihanna
74%
Comment s’appelle le patron d’Apple qui a présenté le premier iPhone ? Steve Jobs
74%
Qui est le fondateur de Emmaüs ? Il nous a quitté cette année. Abbé Pierre
72%
Comment s’appelle le dernier tome de la saga Harry Potter sortie cette année ? Harry Potter et les reliques de la mort
72%
Comment s’appelle les prêts bancaires qui ont causé la crise économique de 2008 ? Subprime
68%
Qui a été nommé Premier Ministre français sous Sarkozy ? Il le restera pendant la totalité du mandat présidentiel. François Fillon
66%
Avec la Bulgarie, quel est l’autre pays à avoir rejoint l’Union Européenne cette année ? Roumanie
66%
Durant quel mois a eu lieu une grève massive en France contre une réforme des retraites concernant la SNCF, RATP, EDF et GDF ? Novembre
62%
Dans quel pays, la disparition de Madeleine McCann « Maddie » a eu lieu ? Affaire toujours pas résolu aujourd’hui. Portugal
55%
Dans quel pays, une série d’attentats-suicides visant la minorité Yézidi ont fait 796 morts et + de 1 500 blessés ? Irak
47%
Dans quel pays des moines bouddhistes ont manifesté contre la dictature qui sévit et l’augmentation des ressources ? Birmanie
45%
Sur quelle île indonésienne s’est déroulée la COP13 ? Bali
36%
Lors de quel sommet, Sarkozy a été vu soit ivre soi décontenancé de son entretien viril avec Poutine ? G8
34%
Avec le GIEC, quel ancien vice-président sous Bill Clinton a reçu le Prix Nobel de la Paix cette année ? Albert Arnold Gore, Jr.
32%
Quel pays a été ravagé par les flammes en août/septembre durant 10 jours causant la mort de 65 morts ? Grèce
32%
Quelle entreprise française a annoncé sa fusion avec Gaz de France (GDF) ? Suez
32%
Avec Pierre Messmer, quel est l’autre Premier Ministre français décédé cette année ? Raymond Barre
21%
Comme s’appelle la première femme présidente de l’Argentine élue cette année ? Christina Fernandez de Kirchner
15%
Quelle femme politique pakistanaise a été assassiné cette année suite à un attentat-suicide ? Benazir Bhutto
11%
Qui a organisé le Grenelle de l’Environnement jusqu’en 2008 en France ? Jean-Louis Borloo
11%
Dans quel pays y’a t’il eu une série d’attentats-suicides terroristes contre le Conseil Constitutionnel ? Algérie
9%
Comment s’appelle le projet du système de positionnement européen lancé cette année avec un accord des pays de l’UE ? Galileo
4%
De quelle femme, Nicolas Sarkozy a-t-il divorcé cette année ? Cécilia Ciganer-Albéniz
2%
Comment s’appelait l’ouragan qui a ravagé l’île de la Martinique ? Il a fait 42 morts dans les Antilles et le Mexique. Dean
2%
Qui décroche le Prix Goncourt cette année avec son roman "Alabama Song" ? Gilles Leroy
0%
Aucun quiz correspondant
Distribution des résultats
% des personnes avec chaque résultat
Percentile par nombre de réponses
Votre historique - résultats
Vous n’avez pas pris ce quiz